Mainland Countries Closest To Island Countries - Statistics

General Stats
  • This quiz has been taken 255 times
    211 since last reset
  • The average score is 18 of 20
Answer Stats
km Island miles Mainland % Correct
33 United Kingdom 21 France
99%
30 Sri Lanka 19 India
99%
80 Cyprus 50 Turkey
98%
149 Cuba 93 United States
98%
1 Singapore 0.4 Malaysia
96%
88 Malta 50 Italy
95%
970 Iceland 602 Norway
95%
50 Japan 31 South Korea
95%
450 Madagascar 280 Mozambique
94%
9 Trinidad and Tobago 5 Venezuela
92%
463 Philippines 287 China
90%
461 East Timor 286 Australia
86%
130 Maldives 81 India
86%
16 Bahrain 10 Qatar
86%
624 Jamaica 388 Honduras
80%
570 Cape Verde 354 Senegal
80%
225 São Tomé and Príncipe 140 Gabon
76%
932 Seychelles 579 Somalia
72%
956 Brunei 594 Vietnam
72%
721 Comoros 448 Tanzania
70%
No matching quizzes found
Score Distribution
Percent of People with Each Score
Percentile by Number Answered
Your Score History
You have not taken this quiz since the last reset